Movies Quiz

Random Movies or Director Quiz

TSPDT Top 100 Directors Quiz Stats

 Plays Quiz not verified by Sporcle

Challenge
Share
Tweet
Embed
Score 0/100 Timer 20:00
1 Play Today
Country/Dates Director % Correct
UK, 1899-1980Alfred Hitchcock
99%
USA, 1915-1985Orson Welles
97.8%
USA, 1928-1999Stanley Kubrick
97.7%
USA, 1939-Francis Ford Coppola
97.4%
USA, 1942-Martin Scorsese
97%
USA, 1946-Steven Spielberg
96.6%
USA, 1935-Woody Allen
95.1%
France/Poland, 1933-Roman Polanski
93.6%
UK, 1889-1977Charlie Chaplin
93.4%
USA, 1963-Quentin Tarantino
93.1%
Italy, 1920-1993Federico Fellini
92.9%
Japan, 1910-1998Akira Kurosawa
92.5%
USA, 1930-Clint Eastwood
92.4%
USA, 1894-1973John Ford
91.5%
UK, 1937-Ridley Scott
91.5%
Sweden, 1918-2007Ingmar Bergman
91.2%
Canada, 1954-James Cameron
91.2%
USA, 1954-/1957-Joel Coen and Ethan Coen
91%
USA/Austria, 1906-2002Billy Wilder
90.8%
USA, 1944-George Lucas
89.8%
Italy, 1929-1989Sergio Leone
89.6%
USA, 1946-David Lynch
89.4%
Austria/USA, 1890-1976Fritz Lang
85.4%
Italy/USA, 1897-1991Frank Capra
85.4%
UK, 1908-1991David Lean
83.4%
USA, 1925-2006Robert Altman
83.3%
Turkey/USA, 1909-2003Elia Kazan
82.5%
Czechoslovakia/USA, 1932-Milos Forman
82.5%
USA, 1895-1966Buster Keaton
82%
USA, 1875-1948D.W. Griffith
81.6%
USA, 1906-1987John Huston
81.4%
USA, 1924-Sidney Lumet
80.3%
France, 1930-Jean-Luc Godard
79.9%
France, 1932-1984François Truffaut
79.7%
Country/Dates Director % Correct
USSR, 1898-1948Sergei Eisenstein
78.5%
France, 1894-1979Jean Renoir
77.4%
USA, 1943-Terrence Malick
76.7%
Hungary/USA, 1886-1962Michael Curtiz
76.4%
Canada, 1943-David Cronenberg
75.7%
Germany, 1942-Werner Herzog
75.2%
Italy, 1940-Bernardo Bertolucci
75%
Germany/USA, 1888-1931F.W. Murnau
74.5%
USA, 1940-Brian De Palma
74.5%
USA, 1883-1949Victor Fleming
74.1%
USA, 1924/1912-1996Stanley Donen and Gene Kelly
73.5%
USA, 1896-1977Howard Hawks
72.6%
USA, 1925-1984Sam Peckinpah
72.5%
USA, 1940George Romero
72.4%
UK, 1906-1976Carol Reed
72.1%
Spain, 1900-1983Luis Buñuel
70.9%
Germany/USA, 1902-1981William Wyler
68.2%
USSR, 1932-1986Andrei Tarkovsky
67.9%
Italy, 1902-1974Vittorio De Sica
67%
India, 1921-1992Satyajit Ray
66.6%
Italy, 1912-2007Michelangelo Antonioni
66.5%
USA, 1911-1979Nicholas Ray
66.2%
Japan, 1903-1963Yasujiro Ozu
65.9%
Germany, 1945-Wim Wenders
65.8%
UK, 1905-1990/1902-1988Michael Powell and Emeric Pressburger
65.4%
USA, 1929-1989John Cassavetes
63.5%
UK, 1905-1990Michael Powell
62.9%
Poland, 1941-1996Krzysztof Kieslowski
62.3%
Denmark, 1889-1968Carl Dreyer
61.8%
USA, 1899-1983George Cukor
61%
USA, 1909-1993Joseph L. Mankiewicz
59.9%
Germany/USA, 1892-1947Ernst Lubitsch
58.2%
USA, 1898-1959Preston Sturges
57.7%
France, 1901-1999Robert Bresson
57.6%
Country/Dates Director % Correct
China, 1958-Wong Kar-Wai
57.6%
Italy, 1906-1977Roberto Rossellini
57%
France, 1909-1982Jacques Tati
56.8%
USA, 1903-1986Vincente Minnelli
56.7%
Italy, 1922-1975Pier Paolo Pasolini
55.7%
Austria-Hungary/USA, 1906-1986Otto Preminger
55.5%
Austria/USA, 1885-1957Erich von Stroheim
55.1%
Germany, 1945-1982Rainer Werner Fassbinder
54.6%
Italy, 1906-1976Luchino Visconti
54.3%
France, 1922-Alain Resnais
51.1%
Japan, 1898-1956Kenji Mizoguchi
51%
USA, 1898-1969Leo McCarey
50.7%
Germany/USA, 1900-1987Douglas Sirk
50.4%
France, 1905-1934Jean Vigo
49.7%
Germany/France, 1902-1957Max Ophüls
48.4%
UK, 1928-Nicholas Roeg
47.9%
France, 1947-1973Jean-Pierre Melville
45%
USA, 1894-1982King Vidor
44.8%
Iran, 1940-Abbas Kiarostami
44%
Austria/USA, 1894-1969Josef von Sternberg
43.3%
France, 1921-Chris Marker
42.7%
France, 1889-1963Jean Cocteau
42.5%
France, 1909-1996Marcel Carné
40.2%
USA, 1887-1980Raoul Walsh
38.5%
France, 1920-2010Eric Rohmer
37.6%
Italy, 1919-2006Gillo Pontecorvo
36.2%
France, 1931-1990Jacques Demy
33.7%
France/USA, 1904-1977Jacques Tourneur
33%
France, 1928-Jacques Rivette
30%
Taiwan, 1947-Hou Hsiao-Hsien
25.4%
France, 1898-1981René Clair
24.5%
USSR, 1894-1956Alexander Dovzhenko
21.5%

You're not logged in!

Compare scores with friends on all Sporcle quizzes.
OR
Log In

You Might Also Like...

Show Comments

Extras

Top Quizzes Today


Score Distribution

Your Account Isn't Verified!

In order to create a playlist on Sporcle, you need to verify the email address you used during registration. Go to your Sporcle Settings to finish the process.

Report this User

Report this user for behavior that violates our Community Guidelines.

Details: